Statistiques concernant Tour de France 2016-Classement général

Cliquez ici pour prendre le quiz!

Statistiques générales

  • Ce quiz a été pris 123 fois
  • Le résultat moyen est 11 sur 15

Statistiques - réponses

RangNationalitéÉquipeNomÉcart% Correct
1Royaume-UniSkyFroome89h 04min 48s
99%
2FranceAG2RBardet+4 min 05s
98%
3ColombieMovistarQuintana+4 min 21s
94%
6EspagneMovistarValverde+6 min 16s
89%
15Royaume-UniSkyThomas+28 min 31s
88%
4Royaume-UniOrica-ScottYates+4 min 42s
88%
9IrlandeQuick-StepMartin+7 min 04s
79%
5AustralieBMCPorte+5 min 17s
75%
11Pays-BasTrek-SegafredoMollema+13 min 13s
66%
13ItalieAstanaAru+19 min 20s
64%
8Afrique du SudLampre-MeridaMeintjes+6 min 58s
62%
7EspagneKatushaRodriguez+6 min 58s
59%
10République tchèqueTinkoffKreuziger+7 min 11s
50%
14SuisseFDJReichenbach+24 min 59s
47%
12ColombieSkyHenao+18 min 51s
35%

Distribution des résultats

Percentile par nombre de réponses

% des personnes avec chaque résultat

Votre développement - résultats

Vous n’avez pas pris ce quiz